quản trị cơ sơ dữ liệu với Microsoft

Αποθηκεύτηκε σε:
Λεπτομέρειες βιβλιογραφικής εγγραφής
Κύριος συγγραφέας: Ông Văn Thông
Μορφή: Βιβλίο
Γλώσσα:Vietnamese
Έκδοση: TKE 1998
Ετικέτες: Προσθήκη ετικέτας
Δεν υπάρχουν, Καταχωρήστε ετικέτα πρώτοι!
Thư viện lưu trữ: Mạng thư viện Đại học Đà Nẵng
LEADER 00638nam a2200277 4500
001 000026722
003 777(814)
005 20150325120000.0
008 150325s vm 000 vie
020 |c 58,0000 
040 |a NOTTS 
100 |a Ông Văn Thông 
245 |a quản trị cơ sơ dữ liệu với Microsoft 
260 |b TKE  |c 1998 
300 |a 891tr. ; 
OWN |a LTT 
999 |a From the UDN01 
TYP |a Monograph 
TYP |a Printed language 
980 |a Mạng thư viện Đại học Đà Nẵng